[Event "RSA-ch U12"]
[Site "Gauteng"]
[Date "2017.04.11"]
[Round "11"]
[White "Beukes, Jaeden"]
[Black "Nair, Mayaskar"]
[Result "0-1"]
[WhiteElo "801"]
[BlackElo "1129"]
[PlyCount "46"]
[EventDate "2017.04.05"]
[EventType "swiss"]
[EventRounds "11"]
[EventCountry "RSA"]
[SourceTitle "CBM 177 Extra"]
[Source "ChessBase"]
[SourceDate "2017.04.27"]
[SourceVersion "1"]
[SourceVersionDate "2017.04.27"]
[SourceQuality "1"]

1. d4 c6 2. e4 d5 3. e5 Bf5 4. Nf3 e6 5. Be2 Nd7 6. Be3 Ne7 7. Nbd2 c5 8. dxc5 Nc6 9. Nb3 Ndxe5 10. Bb5 Nxf3+ 11. Qxf3 Bxc2 12. Nd4 Be4 13. Qg3 Rc8 14. Qe5 Qa5+ 15. Bd2 Qxb5 16. Nxb5 Nxe5 17. Rc1 Bxg2 18. Nd6+ Bxd6 19. cxd6 Rxc1+ 20. Bxc1 Bxh1 21. Bd2 Kd7 22. Ke2 Kxd6 23. Ke3 Nc4+ 0-1

[Event "RSA-chT U12"]
[Site "Cape Town"]
[Date "2016.01.04"]
[Round "2.9"]
[White "Aslett, Juan Naude"]
[Black "Nair, Mayaskar"]
[Result "0-1"]
[WhiteElo "725"]
[BlackElo "953"]
[PlyCount "34"]
[EventDate "2016.01.04"]
[EventType "team-tourn"]
[EventRounds "7"]
[EventCountry "RSA"]
[SourceTitle "CBM 170 Extra"]
[Source "ChessBase"]
[SourceDate "2016.02.25"]
[SourceVersion "1"]
[SourceVersionDate "2016.02.25"]
[SourceQuality "1"]
[WhiteTeam "Kenneth Kaunda"]
[BlackTeam "Ethekwini"]
[WhiteTeamCountry "RSA"]
[BlackTeamCountry "RSA"]

1. e4 c6 2. Nf3 d5 3. Nc3 dxe4 4. Nxe4 Nf6 5. Neg5 h6 6. Bc4 hxg5 7. Bxf7+ Kxf7 8. Nxg5+ Ke8 9. d3 Bg4 10. f3 Qa5+ 11. c3 Qe5+ 12. Qe2 Qxe2+ 13. Kxe2 Bf5 14. g4 Bg6 15. Bd2 Na6 16. Rhe1 Kd8 17. Ne6+ Ke8 0-1

[Event "RSA-chT U12"]
[Site "Cape Town"]
[Date "2016.01.04"]
[Round "1.9"]
[White "Katz, Sasha"]
[Black "Nair, Mayaskar"]
[Result "1-0"]
[WhiteElo "1197"]
[BlackElo "953"]
[PlyCount "47"]
[EventDate "2016.01.04"]
[EventType "team-tourn"]
[EventRounds "7"]
[EventCountry "RSA"]
[SourceTitle "CBM 170 Extra"]
[Source "ChessBase"]
[SourceDate "2016.02.25"]
[SourceVersion "1"]
[SourceVersionDate "2016.02.25"]
[SourceQuality "1"]
[WhiteTeam "Western Province"]
[BlackTeam "Ethekwini"]
[WhiteTeamCountry "RSA"]
[BlackTeamCountry "RSA"]

1. d4 c6 2. c4 d5 3. Nc3 Nf6 4. Nf3 Bf5 5. Bf4 Ne4 6. Qb3 Qb6 7. Qxb6 axb6 8. cxd5 Nxc3 9. bxc3 cxd5 10. e3 e6 11. Bb5+ Nc6 12. Ne5 Ra5 13. Bxc6+ bxc6 14. Nxc6 Ra3 15. Kd2 g6 16. f3 g5 17. Bg3 Bg7 18. Rhe1 0-0 19. Bd6 Re8 20. Bxa3 Bf8 21. Bxf8 Rxf8 22. Ne7+ Kh8 23. Nxf5 exf5 24. Reb1 1-0